ბათუმის შოთა რუსთაველის სახელმწიფო უნივერსიტეტის ბიბლიოთეკა

რჩეული ლექსები (ბიბ.ჩანაწერი № 42068)

000 -LEADER
fixed length control field 00715nam a2200205Ia 4500
001 - CONTROL NUMBER
control field 8758
003 - CONTROL NUMBER IDENTIFIER
control field GE_BSU
008 - FIXED-LENGTH DATA ELEMENTS--GENERAL INFORMATION
fixed length control field 181216s||||||||xx |||||||||||||| ||und||
040 ## - CATALOGING SOURCE
Transcribing agency GE_BSU
080 ## - UNIVERSAL DECIMAL CLASSIFICATION NUMBER
Universal Decimal Classification number 821.353.1–1
100 ## - MAIN ENTRY--PERSONAL NAME
Personal name იეთიმ–გურჯი (იეთიმ დაბღიშვილი,1875-1940)
245 ## - TITLE STATEMENT
Title რჩეული ლექსები
245 ## - TITLE STATEMENT
Statement of responsibility, etc. ანდრო თევზაძის რედ.და წინასიტყვ.
260 ## - PUBLICATION, DISTRIBUTION, ETC.
Place of publication, distribution, etc. თბილისი
260 ## - PUBLICATION, DISTRIBUTION, ETC.
Name of publisher, distributor, etc. საბჭ.მწერალი;ხელოვნება
260 ## - PUBLICATION, DISTRIBUTION, ETC.
Date of publication, distribution, etc. 1955
300 ## - PHYSICAL DESCRIPTION
Extent 72გვ; 14სმ
653 ## - INDEX TERM--UNCONTROLLED
Uncontrolled term რჩეული ლექსები
942 ## - ADDED ENTRY ELEMENTS (KOHA)
Koha item type წიგნი
ეგზემპლარები
Withdrawn status Lost status Damaged status Not for loan Date acquired Barcode Date last seen Price effective from Koha item type
        2018-12-17 31153 2018-12-17 2018-12-17 წიგნი
        2018-12-17 31154 2018-12-17 2018-12-17 წიგნი
        2018-12-17 31155 2018-12-17 2018-12-17 წიგნი
        2018-12-17 31156 2018-12-17 2018-12-17 წიგნი
        2018-12-17 31157 2018-12-17 2018-12-17 წიგნი
        2018-12-17 31158 2018-12-17 2018-12-17 წიგნი